| 000 | 00775nam a2200229 i 4500 | ||
|---|---|---|---|
| 003 | IT-RoINE | ||
| 005 | 20180418071216.0 | ||
| 008 | 070626s2006 sp ae r ||1 ||spa d | ||
| 020 | _a8461119924 | ||
| 040 |
_aSpMaBN _bspa _cSpMaBN IT-RoINE _erdc _dIT-RoINE |
||
| 100 | 1 |
_aChaves Martín, Miguel Ángel, _d1964- _938572 |
|
| 245 | 1 | 0 |
_aSegovia : _bguía de arquitectura / _cMiguel Ángel Chaves Martín. |
| 260 |
_a[Segovia] : _bCOACYLE, Demarcación de Segovia, _c2006. |
||
| 300 |
_a287 p. : _bil. ; _c25 cm + _e1 plano + 1 CD-ROM. |
||
| 336 |
_2rdacontent _atext |
||
| 337 |
_2rdamedia _aunmediated |
||
| 338 |
_2rdacarrier _avolume |
||
| 500 | _aIncluye índice. | ||
| 504 | _aBibliografía: p. 277-282. | ||
| 650 | 4 |
_aArquitectura _zEspaña _zSegovia _938573 |
|
| 942 | _cMTS | ||
| 999 |
_c19430 _d19430 |
||